000 00669nam a2200241 i 4500
001 C2-0276926
003 PPAK
005 20180728005120.0
008 061213s2002 nyua|||| ||||| | eng d
020 _a0764554220
040 _aPPAK
_beng
_cPPAK
_erda
082 0 4 _a612
_223
090 0 0 _a612
_bSIE
_dR
100 1 _aSiegfried, Donna Rae,
_eauthor
245 1 0 _aAnatomy & physiology for dummies
264 1 _aNew York :
_bWiley Publishing ,
_c2002
300 _axxiv, 356 pages :
_bcolour illustrations ;
_c24 cm
336 _2rdacontent
_atext
337 _2rdamedia
_aunmediated
338 _2rdacarrier
_avolume
650 1 0 _aHuman anatomy.
942 _ddc
_cB
999 _c84201
_d84201